| 000 | 00671nam a2200217 4500 | ||
|---|---|---|---|
| 001 | 145048 | ||
| 003 | ES-MaACL | ||
| 005 | 20230906201143.0 | ||
| 007 | t| | ||
| 008 | 070214s1957 sp r ||||1| spa d | ||
| 100 | 1 |
_aSoman, Florence Jane. _9107259 |
|
| 245 | 1 | 3 |
_aEl amor es un personaje solitario _b: novela / _cFlorence Jane Soman ; [traducción del inglés por Guillermo Crespí]. |
| 250 | _a[1ª ed.]. | ||
| 260 |
_aBarcelona : _bPlaneta, _c[1957] ( _fAleu y Domingo) |
||
| 300 |
_a346 p. ; _c19 cm. |
||
| 490 | 1 | _aGoliat | |
| 700 | 1 |
_aCrespí, Guillermo. _941505 |
|
| 830 | 0 |
_aGoliat _9181396 |
|
| 852 |
_aES-MaACL _jC-13883 _bR.41625 |
||
| 999 |
_c145048 _d145048 |
||